000 00347nam a2200145Ia 4500
005 20251222143215.0
008 251222s9999||||xx |||||||||||||| ||spa||
020 _a8481241474
082 _a579.37/E84
100 _aEspaƱa Contreras, M. P.
245 0 _aHelicobacter Pylori:
250 _a1ra. ed.
264 _bJ.R. Prous, S.A.
942 _cLIB
999 _c13608
_d13608